50 Off-road Cars with Pictures - Statistics

General Stats
  • This quiz has been taken 21 times
  • The average score is 14 of 50
Answer Stats
Picture Answer % Correct
Land Rover Defender
79%
Jeep Cherokee
71%
Jeep Gladiator
71%
BMW X5
64%
Ford F-150
64%
Range Rover
64%
Ford Bronco
50%
Mitsubishi Pajero
50%
Suzuki Jimny
50%
Jeep Wrangler
43%
Land Rover Discovery
43%
Hummer H1
36%
Mercedes-Benz G-class
36%
Suzuki Vitara / Escudo / Sidekick
36%
Volvo XC90
36%
VW Touareg
36%
Ford Ranger
29%
Mercedes-Benz X-class
29%
Subaru Forester
29%
Subaru Outback
29%
Toyota Rav 4
29%
Chevrolet Blazer
21%
Fiat Panda 4x4
21%
International Scout
21%
Jeep Grand Wagoneer
21%
RAM 1500 TRX
21%
Toyota FJ40
21%
Toyota Hilux
21%
Toyota Land Cruiser
21%
Toyota Tacoma
21%
Audi Allroad Quattro
14%
Land Rover Series 3
14%
Nissan Frontier
14%
Nissan Patrol
14%
Nissan X-terra
14%
Suzuki Samurai
14%
Volvo V60 Cross Country
14%
VW Transporter / Vanagon Syncro
14%
Chevrolet Colorado
7%
Chevrolet S10
7%
Daihatsu Rocky / Rugged
7%
GMC Canyon
7%
Isuzu Mu-X
7%
Isuzu Trooper
7%
Jeep CJ7
7%
Nissan Pathfinder
7%
Rivian R1T
7%
Subaru Brat
7%
Toyota 4Runner
7%
Toyota Fortuner
7%
No matching quizzes found
Score Distribution
Percent of People with Each Score
Percentile by Number Answered
Your Score History
You have not taken this quiz